| 000 | 01485cam a2200361 a 4500 | ||
|---|---|---|---|
| 999 |
_c24646 _d24646 |
||
| 001 | 16296679 | ||
| 005 | 20170130084612.0 | ||
| 008 | 100622s2011 mnua b s001 0 eng | ||
| 010 | _a 2010026334 | ||
| 015 |
_aGBB098904 _2bnb |
||
| 016 | 7 |
_a015630160 _2Uk |
|
| 020 | _a9780816665143 (hc : alk. paper) | ||
| 020 | _a0816665141 (hc : alk. paper) | ||
| 020 | _a9780816665150 (pb : alk. paper) | ||
| 020 | _a081666515X (pb : alk. paper) | ||
| 035 | _a(OCoLC)ocn617508620 | ||
| 043 | _anwcu--- | ||
| 050 | 0 | 0 | _aN6603.2 .W45 2011 |
| 100 | 1 |
_aWeiss, Rachel, _d1954- |
|
| 245 | 1 | 0 |
_aTo and from utopia in the new Cuban art / _cRachel Weiss. |
| 260 |
_aMinneapolis : _bUniversity of Minnesota Press, _cc2011. |
||
| 300 |
_axv, 322 p. : _bill. (chiefly col.) ; _c26 cm. |
||
| 500 | _aPortions previously published in various sources. | ||
| 504 | _aIncludes bibliographical references and index. | ||
| 650 | 0 |
_aArt, Cuban _y20th century _xThemes, motives. |
|
| 650 | 0 |
_aArt and society _zCuba _xHistory _y20th century. |
|
| 942 |
_2lcc _cBOOKS |
||